AQA A Level Psychology - The Endorcrine System - Statistics

General Stats
  • This quiz has been taken 30 times
  • The average score is 8 of 13
Answer Stats
Definition Hormone/Gland % Correct
Regulates blood suger levels Insulin/Glucagon
90%
The gland where the previous hormone is produced Pancreas
90%
Regulates biological effects of the fight or flight response (e.g. heart rate, blood pressure) Adrenaline
80%
Modulates sleep pattern by keeping the body to a day/night circadian rhythm Melatonin
80%
The gland where the previous hormone is produced Ovaries/Testes
75%
The gland where the previous hormone is produced Adrenal Gland
70%
Develops the second sexual characteristics of males/females Oestrogen/Testosterone
70%
The 'Master' gland where the hormones released influence the release of other hormones Pituitary Gland
70%
Modulates metabolism Thyroxine
65%
The gland where the previous hormone is produced Thyroid Gland
60%
The gland where the previous hormone is produced Pineal Gland
40%
The gland where the previous hormone is produced Thymus
15%
Helps the development of T cells which are involved in disease resistance (until puberty) Thymosin
5%
No matching quizzes found
Score Distribution
Percent of People with Each Score
Percentile by Number Answered
Your Score History
You have not taken this quiz